000 00603nac a22001931u 4500
008 090709t2007 xxu|||||r|||| 001 0 eng d
020 _a8131800008
020 _a9788131800003
082 _a620.11
_bBAN
_222
100 _aBansal, R. K.
_97854
245 _aA textbook of strength of materials :
_cR.K. Bansal.
_b(In S. I. Units) /
246 _astrength of materials
250 _a4th ed.
260 _aNew Delhi :
_bLaxmi Publications,
_c2007.
300 _a1092 p.:
_bill. charts ;
_c24 cm.
500 _aIncludes index.
650 _aMaterials.
_97855
942 _cBB
_k620.11BAN
_2ddc
999 _c12295
_d12295